[Event "Tonsberg op"]
[Site "Tonsberg"]
[Date "2003.10.13"]
[Round "7"]
[White "Haugan, Kristoffer"]
[Black "Moseid, Tor Inge"]
[Result "0-1"]
[WhiteElo "1335"]
[BlackElo "1477"]
[PlyCount "120"]
[EventDate "2003.09.08"]
[EventType "swiss"]
[EventRounds "9"]
[EventCountry "NOR"]
[SourceTitle "EXT 2008"]
[Source "ChessBase"]
[SourceDate "2007.11.25"]
[SourceVersion "1"]
[SourceVersionDate "2007.11.25"]
[SourceQuality "1"]

1. c4 c5 2. Nf3 Nf6 3. Nc3 Nc6 4. g3 e6 5. Bg2 d5 6. cxd5 exd5 7. d4 c4 8. 0-0 Be7 9. Bg5 Be6 10. Rc1 a6 11. b3 b5 12. h3 0-0 13. Kh2 Ba3 14. Rc2 Bf5 15. Bxf6 Bxc2 16. Qxc2 Qxf6 17. Nxd5 Qg6 18. e4 Rfd8 19. bxc4 bxc4 20. Qxc4 Rac8 21. Qxa6 Bd6 22. e5 Bf8 23. Nf4 Qc2 24. d5 Nb4 25. Qb7 Rb8 26. Qa7 Bc5 27. Qc7 Rbc8 28. Qb7 Rb8 29. Qc7 Bb6 30. Qe7 Bxf2 31. Ng5 Rf8 32. e6 Bc5 33. exf7+ Kh8 34. Qe6 Rbd8 35. Qe5 Bd6 36. Qe3 Bxf4 37. Qxf4 Nxd5 38. Qh4 Ne3 39. Rg1 Rd2 40. Qe4 Qxe4 41. Nxe4 Rxg2+ 42. Rxg2 Nxg2 43. Kxg2 Rxf7 44. h4 Ra7 45. Kh3 Rxa2 46. Nd6 h5 47. Ne4 Kh7 48. Nc3 Rc2 49. Ne4 Rb2 50. Nc3 Kg6 51. Nd5 Kf5 52. Nf4 g6 53. Ng2 Rb4 54. Ne3+ Ke4 55. Nd1 Kf3 56. Nc3 Rg4 57. Kh2 Rxg3 58. Ne4 Rg4 59. Nd2+ Kf2 60. Kh3 Rd4 0-1

[Event "Tonsberg op"]
[Site "Tonsberg"]
[Date "2003.10.06"]
[Round "4"]
[White "Moseid, Tor Inge"]
[Black "Baro, Terje"]
[Result "1/2-1/2"]
[WhiteElo "1477"]
[BlackElo "1316"]
[PlyCount "97"]
[EventDate "2003.09.08"]
[EventType "swiss"]
[EventRounds "9"]
[EventCountry "NOR"]
[SourceTitle "EXT 2008"]
[Source "ChessBase"]
[SourceDate "2007.11.25"]
[SourceVersion "1"]
[SourceVersionDate "2007.11.25"]
[SourceQuality "1"]

1. d4 d5 2. c4 dxc4 3. Nc3 Nf6 4. e4 e6 5. Bxc4 Be7 6. Nf3 0-0 7. 0-0 Nbd7 8. e5 Ne8 9. Ne4 Nb6 10. Bd3 c6 11. Neg5 h6 12. Nh3 f5 13. Nf4 Kh7 14. Be3 Nc7 15. Qd2 Rg8 16. Qc2 Qf8 17. h4 Ncd5 18. a3 Nxf4 19. Bxf4 Nd5 20. Bd2 Bd7 21. b4 Be8 22. g4 g6 23. g5 h5 24. Bc4 Rc8 25. Ne1 Bd7 26. Nd3 Qd8 27. Qd1 Qb6 28. Be3 Rgf8 29. Rc1 Qd8 30. Qf3 b5 31. Bxd5 cxd5 32. Rxc8 Bxc8 33. Nf4 Kg7 34. Rc1 a5 35. Bd2 axb4 36. Bxb4 Bxb4 37. axb4 Qb6 38. Rc5 Qa6 39. Qc3 Bd7 40. Rc7 Rf7 41. Qc5 Qa4 42. Qc2 Qxb4 43. Kg2 Qxd4 44. Rxd7 Qxf4 45. Rxf7+ Kxf7 46. Qc7+ Kf8 47. Qd8+ Kg7 48. Qf6+ Kh7 49. Qf7+ 1/2-1/2